| 000 | 00464nam a22001817a 4500 | ||
|---|---|---|---|
| 005 | 20200317125905.0 | ||
| 008 | 200317b xxu||||| |||| 00| 0 eng d | ||
| 020 | _a9788123915401 | ||
| 041 | _aeng | ||
| 082 | _a615 | ||
| 100 |
_aBALLINGTON DON A _95247 |
||
| 245 |
_aPHARMACY CALCULATIONS _cDON A , BALLINGTIN |
||
| 250 | _a3'RD | ||
| 260 |
_aNEW DELHI _bCBS PUBLISHERS AND PUBLICATION _c2008 |
||
| 300 | _a262 P. IX | ||
| 650 |
_aPHARMACY _95248 |
||
| 942 | _cBK | ||
| 999 |
_c6132 _d6130 |
||